000 00956nam a2200229Ia 4500
999 _c36317
_d36317
001 2224
003 GE_BSU
005 20190507111505.0
008 181216s1995||||ge |||||||||||||| ||geo||
040 _cGE_BSU
041 _ageo
080 _a340.1(075.8) ც–26
100 _aცაცანაშვილი, მარიამ
_9842
245 _aსახელმწიფოსა და სამართლის ზოგადი ისტორია :
_bნაწ. 1 /
_cმარიამ ცაცანაშვილი ; რედ. მეტრეველი, ვ.
264 _aთბილისი;
_c1995
300 _a322 გვ. ;
_b20 სმ.
653 _aსამართალი
653 _aსახელმწიფოს ისტორია
653 _aსამართლის ისტორია
700 _aმეტრეველი, ვ.
_eრედაქტორი
_9843
942 _cBK
_2udc